000
00215nam a22000857a 4500
008
160816b xxu||||| |||| 00| 0 eng d
100
_9
151
_a
Chawla. A
245
_a
The universe
260
_a
New Delhi
_b
D.P publication
_c
2010
999
_c
2807
_d
2807